000 00877nam a22002297a 4500
005 20150124131705.0
008 140919t sp||||| |||| 00| 0 esp d
020 _a8476587325
050 0 4 _aBL 51
_bS33 2005
100 1 _aScannone, Juan Carlos
245 1 0 _aReligión y nuevo pensamiento :
_bHacía una filosofía de la religión para nuestro tiempo desde América Latina /
_cJuan Carlos Scannone,
250 _aPrimera edición: 2005
260 _aBarcelona, España :
_bAnthropos,
_c2005
300 _a303 paginas,
_c20 X 13 centímetros,
490 _aPensamiento crítico-Pensamiento utópico
_vNúmero: 149
500 _aUniversidad Autónoma Metropolitana
500 _aTomo I de obras selectas
504 _aIncluye: Bibliografía p, (289-302) e Indices
650 7 _2Lemb
_aFilosofía
_xReligión
700 1 _aScannone, Juan Carlos
942 _2ddc
_cLIB
999 _c80632
_d80632